| 000 | 00640 a2200193 4500 | ||
|---|---|---|---|
| 999 |
_c183417 _d183417 |
||
| 005 | 20211224124356.0 | ||
| 010 | _aENG-130607 | ||
| 020 |
_a978-93-89691-31-3 _c450.00 |
||
| 035 | _aEN-114139 | ||
| 037 | _bDBAD/PUB | ||
| 082 | _a540 | ||
| 100 | _aRosenberg, Jerome L. | ||
| 245 |
_aCollege Chemistry: _cJerome L. Rosenberg, Lawrence M. Epstien |
||
| 260 |
_aChennai _bMcGraw Hill Education Private Limited _c2020 |
||
| 270 |
_a441/1, Sri Ekambara Naicker Industrial Estate, Alapakkam, Porur _bTamil Nadu _e600116 |
||
| 300 |
_a156p. _c22cm (pbk) |
||
| 700 | _aEpstein, Lawrence M. | ||
| 942 |
_adpl _cEN _2ddc _h540 _mROS |
||